Proclama de la junta de gobierno de Sanlucar de Barrameda, de veinte de junio de mil ochocientos ocho

Detalles Bibliográficos
Autor Corporativo: España
Formato: Libro
Lenguaje:Spanish
Publicado: Puebla de los Angeles : reimpresa en la imprenta de D. Pedro de la Rosa, 1808.
Materias:
Colección:Banco de datos
Acervo:Biblioteca Palafoxiana. Colección de Pliegos Sueltos
Descripción Física:[3] h. ; 4°
Tema general:Historia civil
LEADER 00734nam a22002050004500
035 |a 715 
041 0 |a spa 
082 0 4 |a FR/PAFX/IMPS/C044/00835 
110 1 |a España 
240 0 0 |a Proclama 1808-06-20 
245 1 0 |a Proclama de la junta de gobierno de Sanlucar de Barrameda, de veinte de junio de mil ochocientos ocho  
260 |a Puebla de los Angeles : reimpresa en la imprenta de D. Pedro de la Rosa, 1808.  
300 |a [3] h. ; 4° 
505 0 0 |a La biblioteca tiene: 3 ejemplares 
610 1 4 |a España - Historia - Guerra de Independencia, 1808-1814 
650 1 0 |a Historia civil 
949 |a I00835, I00835-A, I00835-B 
942 |c PALAPLIE 
943 |g Biblioteca Palafoxiana. Colección de Pliegos Sueltos 
999 |c 1074005  |d 1074005